|
|
|
|
| LEADER |
00000naa2a2200000 4500 |
| 001 |
399185 |
| 005 |
20231101065200.0 |
| 035 |
|
|
|a (RuTPU)RU\TPU\prd\40232
|
| 035 |
|
|
|a RU\TPU\prd\40231
|
| 090 |
|
|
|a 399185
|
| 100 |
|
|
|a 20051212a2005 k y0rusy50 ca
|
| 101 |
0 |
|
|a rus
|
| 102 |
|
|
|a RU
|
| 200 |
1 |
|
|a В зеркале социологического анализа
|e Библиотека глазами студента
|f Н. М. Свергунова
|
| 225 |
1 |
|
|a Вузовские библиотеки
|
| 320 |
|
|
|a Библиогр.: 1 назв.
|
| 461 |
|
0 |
|0 (RuTPU)RU\TPU\prd\12643
|t Библиотечное дело
|o ежемесячный журнал
|d 2003-
|
| 463 |
|
0 |
|0 (RuTPU)RU\TPU\prd\40095
|t № 8
|v С. 11-13
|d 2005
|
| 610 |
1 |
|
|a университетские библиотеки
|
| 610 |
1 |
|
|a вузовские библиотеки
|
| 610 |
1 |
|
|a социологические опросы
|
| 610 |
1 |
|
|a анализ
|
| 610 |
1 |
|
|a студенты
|
| 610 |
1 |
|
|a Орловский государственный технический университет
|
| 700 |
|
1 |
|a Свергунова
|b Н. М.
|g Наталья Мирославовна
|
| 801 |
|
1 |
|a RU
|b 63413507
|c 20051212
|g PSBO
|
| 801 |
|
2 |
|a RU
|b 63413507
|c 20051212
|g PSBO
|
| 942 |
|
|
|c BK
|